Chaîne de mots Z-A - Statistiques

Statistiques générales
  • Ce quiz a été pris 628 fois
    345 depuis la dernière actualisation
  • Le résultat moyen est 11 sur 26
Statistiques - réponses
Question Réponse % Correct
L'organe de la vue au pluriel Yeux
98%
Jour de la semaine Jeudi
77%
ecrit le mot équipe sans e Quip
77%
Coup de boxe on l'on vient toucher le visage par en dessous Uppercut
76%
"#" Nom de ce signe Hashtag
72%
Synonyme d'association, il est le plus souvent sportif, ou de golf Club
63%
Pays d'Océanie Vanuatu
59%
Département le plus a l'ouest de la France métropolitaine Finistère
57%
Synonyme de prendre quelqu'un pour qu'il ne touche plus le sol Soulever
57%
Si dieu le veut en arabe Inchallah
56%
Celui de Brigitte c'est Macron par exemple Nom
54%
Unité monétaire de la Pologne Zloty
54%
Mario est avec Luigi, ce que Antigua est avec : Barbuda
45%
Qui se rapporte au gout Gustatif
43%
Initiales d'un catcheur américain XW
41%
Enseigne de guerre, drapeau Étendard
40%
L'époque du Moyen-âge Médiéval
35%
Sigle anglais de "Femmes et communautés contre la violence" Wacav
28%
Station de ski française à 31 km du mont Blanc en Haute Savoie Avoriaz
24%
Capitale du Bénin Porto-Novo
21%
Synonyme d'ordre Organisation / Obligation
20%
En sport adapté, la catégories ii2 leur est réservé Trisomiques
10%
Ville du Nord de l'Allemagne dans le Schleswig-Holstein Lübeck
6%
Indispensable pour pouvoir être pris en charge Diagnostic
5%
Abréviation du Responsable Qualité RAQ
5%
Langue turque parlée au nord de L'Iran Khalaj
1%
Aucun quiz correspondant
Distribution des résultats
% des personnes avec chaque résultat
Percentile par nombre de réponses
Votre historique - résultats
Vous n’avez pas pris ce quiz depuis la dernière actualisation